000 00968nmm a2200289 a 4500
001 ocm0001256773
003 TR-IsHL
005 20201028160354.0
008 150709s2015 tu tur
007 cr cn
020 _a9789753550765
035 _a1256773
_b(N$T)
050 0 4 _aBP189
_b.M84 2015
090 0 4 _aBP189
_b.M84 2015
100 1 _aMuhyiddin İbn-i Arabi
245 1 0 _aNurlar hazinesi
_h[electronic resource] /
_cMuhyiddin İbn-i Arabi ; Türkçesi Mehmet Demirol
250 _a8. basım
260 _aİstanbul :
_bİz Yayıncılık,
_c2015
300 _a201 p.
650 4 _aFelsefe, Psikoloji ve Din
650 4 _aPhilosophy, Psychology and Religion
650 0 _aTasavvuf
_x1800'den önceki çalışmalar
650 0 _aSufism
_xEarly works to 1800
650 7 _aRELIGION / Islam / Sufi
_2bisacsh
700 1 _aDemirol, Mehmet
856 4 0 _uhttp://search.ebscohost.com/login.aspx?direct=true&scope=site&db=e011xww&AN=1256773
999 _c13568
_d13568